Memoria sobre la administración municipal de Paris (Record no. 48728)

MARC details
000 -LEADER
campo de control de longitud fija 00667nam a22001815i 4500
001 - NÚMERO DE CONTROL
campo de control 48728
003 - IDENTIFICADOR DE NÚMERO DE CONTROL
campo de control ES-MaACL
007 - CAMPO FIJO DE DESCRIPCIÓN FÍSICA--INFORMACIÓN GENERAL
campo de control de longitud fija t|
008 - DATOS DE LONGITUD FIJA--INFORMACIÓN GENERAL
campo de control de longitud fija 940202s1879 sp ||||1| spa d
040 ## - FUENTE DE CATALOGACIÓN
Centro catalogador/agencia de origen CAM
Lengua de catalogación spa
100 1# - ENTRADA PRINCIPAL--NOMBRE DE PERSONA
Nombre de persona Dicenta y Blanco, José.
9 (RLIN) 44481
245 10 - MENCIÓN DEL TÍTULO
Título Memoria sobre la administración municipal de Paris
Resto del título : precedida de algunas consideraciones generales y seguida de breves observaciones acerca de la de Madrid /
Mención de responsabilidad, etc. por José Dicenta y Blanco.
260 ## - PUBLICACIÓN, DISTRIBUCIÓN, ETC.
Lugar de publicación, distribución, etc. Madrid :
Nombre del editor, distribuidor, etc. [s.n.],
Fecha de publicación, distribución, etc. 1879.
300 ## - DESCRIPCIÓN FÍSICA
Extensión 430 p. ;
Dimensiones 27 cm.
651 #4 - PUNTO DE ACCESO ADICIONAL DE MATERIA--NOMBRE GEOGRÁFICO
Nombre geográfico Madrid-
Subdivisión general Administración-
Subdivisión cronológica S.XIX.
9 (RLIN) 8943
651 #4 - PUNTO DE ACCESO ADICIONAL DE MATERIA--NOMBRE GEOGRÁFICO
Nombre geográfico París-
Subdivisión general Administración-
Subdivisión cronológica S.XIX.
9 (RLIN) 9206
852 ## - LOCALIZACIÓN
Ubicación ES-MaACL
Número de control de estantería G-10171
Holdings
Estatus retirado Estado de pérdida Estado de daño No para préstamo Colección Biblioteca de origen Biblioteca actual Ubicación en estantería Fecha de adquisición Fuente de adquisición Total de préstamos Signatura topográfica completa Código de barras Visto por última vez Precio de reemplazo Tipo de ítem Koha
        Libros del s. XIX Biblioteca del Ateneo de Madrid Biblioteca del Ateneo de Madrid Sala Pecera Planta 3 17/01/2008     G-10171 1051280 23/02/2023 23/02/2023 Libro impreso antiguo